000 00364nam a2200145Ia 4500
008 191201s2000 xx 000 0 und d
082 _a670.423
_bCHW
100 _aChoudhury, S K Hajra
245 0 _aWorkshop Technology (M T)
250 _a2nd
260 _aN.Delhi
_bMedia Promoters and Publisher
_c2000
300 _a688
650 _aB.Tech(ME)
942 _2ddc
_cBK
999 _c914
_d914